El impuesto al valor agregado (Registro nro. 1032)
[ vista simple ]
| 000 -LEADER | |
|---|---|
| fixed length control field | 01086 a2200205 4500 |
| 001 - CONTROL NUMBER | |
| control field | 22521 |
| 005 - DATE AND TIME OF LATEST TRANSACTION | |
| control field | 20260407155516.0 |
| 008 - FIXED-LENGTH DATA ELEMENTS--GENERAL INFORMATION | |
| fixed length control field | 260407a1969 arg spa d |
| 003 - CONTROL NUMBER IDENTIFIER | |
| control field | AR-UNSa-BCEJYS |
| 040 ## - CATALOGING SOURCE | |
| Original cataloging agency | AR-UNSa-BCEJYS |
| Language of cataloging | spa |
| Transcribing agency | AR-UNSa-BCEJYS |
| 080 ## - UNIVERSAL DECIMAL CLASSIFICATION NUMBER | |
| Universal Decimal Classification number | 336.226.3 |
| Common auxiliary subdivision | Impuestos por el uso de los ingresos. Impuestos al consumo. IVA |
| 100 1# - MAIN ENTRY--PERSONAL NAME | |
| Personal name | Giuliani Fonrouge, Carlos M. |
| 245 10 - TITLE STATEMENT | |
| Title | El impuesto al valor agregado |
| 264 #1 - PRODUCTION, PUBLICATION, DISTRIBUTION, MANUFACTURE, AND COPYRIGHT NOTICE | |
| Place of production, publication, distribution, manufacture | Buenos Aires : |
| Name of producer, publisher, distributor, manufacturer | Depalma |
| Date of production, publication, distribution, manufacture, or copyright notice | 1969 |
| 300 ## - PHYSICAL DESCRIPTION | |
| Extent | xvii, 266 p. |
| Dimensions | 23 cm. |
| 505 ## - FORMATTED CONTENTS NOTE | |
| Formatted contents note | 1. Conceptos generales - 2. Experiencias concretas del impuesto al valor agregado - 3. Concepto y técnicas de aplicación del impuesto al valor agregado - 4. El problema de la traslación del impuesto - 5. Justificación teórica del impuesto a las ventas - 6. Efectos económicos del impuesto al valor agregado con relación a otras formas opcionales - 7. El problema del impuesto a las ventas en la comunidad europea - 8. Problemas transitorios de la reforma en Italia. |
| 590 ## - LOCAL NOTE (RLIN) | |
| Local note | niveau_biblio:m niveau_hierar:0 |
| 700 1# - ADDED ENTRY--PERSONAL NAME | |
| Personal name | Cosciani, Cesare |
| 942 ## - ADDED ENTRY ELEMENTS (KOHA) | |
| Koha item type | |
| Withdrawn status | Lost status | Damaged status | Not for loan | Home library | Current library | Shelving location | Date acquired | Total checkouts | Full call number | Barcode | Date last seen | Price effective from | Koha item type |
|---|---|---|---|---|---|---|---|---|---|---|---|---|---|
| Biblioteca Prof. Eusebio Cleto del Rey | Biblioteca Prof. Eusebio Cleto del Rey | 07/04/2026 | 336.226.3 C834 | L22751 | 07/04/2026 | 07/04/2026 | Libro | ||||||
| Biblioteca Prof. Eusebio Cleto del Rey | Biblioteca Prof. Eusebio Cleto del Rey | 07/04/2026 | 336.226.3 C834 | L22752 | 07/04/2026 | 07/04/2026 | Libro | ||||||
| Biblioteca Prof. Eusebio Cleto del Rey | Biblioteca Prof. Eusebio Cleto del Rey | 07/04/2026 | 336.226.3 C834 | L23824 | 07/04/2026 | 07/04/2026 | Libro |